<?xml version="1.0" encoding="UTF-8"?><?xml-stylesheet type="text/xsl" href="static/style.xsl"?><OAI-PMH xmlns="http://www.openarchives.org/OAI/2.0/" xmlns:xsi="http://www.w3.org/2001/XMLSchema-instance" xsi:schemaLocation="http://www.openarchives.org/OAI/2.0/ http://www.openarchives.org/OAI/2.0/OAI-PMH.xsd"><responseDate>2026-04-13T02:50:24Z</responseDate><request verb="GetRecord" identifier="oai:www.recercat.cat:10230/35932" metadataPrefix="marc">https://recercat.cat/oai/request</request><GetRecord><record><header><identifier>oai:recercat.cat:10230/35932</identifier><datestamp>2025-12-18T01:17:13Z</datestamp><setSpec>com_2072_6</setSpec><setSpec>col_2072_452952</setSpec></header><metadata><record xmlns="http://www.loc.gov/MARC21/slim" xmlns:dcterms="http://purl.org/dc/terms/" xmlns:xsi="http://www.w3.org/2001/XMLSchema-instance" xmlns:doc="http://www.lyncode.com/xoai" xsi:schemaLocation="http://www.loc.gov/MARC21/slim http://www.loc.gov/standards/marcxml/schema/MARC21slim.xsd">
   <leader>00925njm 22002777a 4500</leader>
   <datafield ind2=" " ind1=" " tag="042">
      <subfield code="a">dc</subfield>
   </datafield>
   <datafield ind2=" " ind1=" " tag="720">
      <subfield code="a">Puiggròs-Román, Elena</subfield>
      <subfield code="e">author</subfield>
   </datafield>
   <datafield ind2=" " ind1=" " tag="720">
      <subfield code="a">Tort Gonzàlez, Najat</subfield>
      <subfield code="e">author</subfield>
   </datafield>
   <datafield ind2=" " ind1=" " tag="720">
      <subfield code="a">Fondevila i Gascón, Joan Francesc</subfield>
      <subfield code="e">author</subfield>
   </datafield>
   <datafield ind2=" " ind1=" " tag="260">
      <subfield code="c">2018-11-30T16:15:11Z</subfield>
   </datafield>
   <datafield ind2=" " ind1=" " tag="260">
      <subfield code="c">2018-11-30T16:15:11Z</subfield>
   </datafield>
   <datafield ind2=" " ind1=" " tag="260">
      <subfield code="c">2011</subfield>
   </datafield>
   <datafield ind2=" " ind1=" " tag="520">
      <subfield code="a">Esta investigación trata sobre el relieve de la incorporación de las Tecnologías de la Información y la Comunicación (TIC) en los museos de la ciudad de Barcelona y cómo éstas influyen sobre el comportamiento de los públicos. Para la investigación se han realizado dos análisis: sobre las TIC online, considerado la web y las redes sociales, y offline, teniendo en cuenta los dispositivos que encontramos en los museos de Barcelona. Los resultados muestran que las páginas web de los museos se encuentran en un estadio inicial de mejora en cuanto a la promoción, pero siguen sin mantener comunicación con su comunidad virtual. La presencia en las redes sociales es una realidad, aunque por el momento las aplicaciones para móviles siguen siendo escasas. En cuanto a las TIC en los museos, los visitantes siguen siendo un receptor pasivo porque los dispositivos están anticuados y no permiten un gran nivel de interactividad.</subfield>
   </datafield>
   <datafield ind2=" " ind1=" " tag="520">
      <subfield code="a">This research deals with the relief of the incorporation of Information Technology and Communication (ICT) in the museums of the city of Barcelona and how they influence the behavior of the public. For research we have conducted two analyses: about online ICT, considered the web and social networks, and offline, considering the devices found in museums in Barcelona. The results show that the websites of the museums are in an early stage of improvement in the promotion, but they still maintain communication with their virtual community. The presence in social networks is a reality, although at mobile applications remain rare. As for ICT in museums, visitors remain a passive recipient because the devices are outdated and do not allow a high level of interactivity.</subfield>
   </datafield>
   <datafield tag="653" ind2=" " ind1=" ">
      <subfield code="a">Turismo</subfield>
   </datafield>
   <datafield tag="653" ind2=" " ind1=" ">
      <subfield code="a">Museos</subfield>
   </datafield>
   <datafield tag="653" ind2=" " ind1=" ">
      <subfield code="a">Innovación</subfield>
   </datafield>
   <datafield tag="653" ind2=" " ind1=" ">
      <subfield code="a">TIC</subfield>
   </datafield>
   <datafield tag="653" ind2=" " ind1=" ">
      <subfield code="a">Cultura</subfield>
   </datafield>
   <datafield tag="653" ind2=" " ind1=" ">
      <subfield code="a">Internet</subfield>
   </datafield>
   <datafield tag="653" ind2=" " ind1=" ">
      <subfield code="a">Web</subfield>
   </datafield>
   <datafield tag="653" ind2=" " ind1=" ">
      <subfield code="a">Tourism</subfield>
   </datafield>
   <datafield tag="653" ind2=" " ind1=" ">
      <subfield code="a">Museums</subfield>
   </datafield>
   <datafield tag="653" ind2=" " ind1=" ">
      <subfield code="a">Innovation</subfield>
   </datafield>
   <datafield tag="653" ind2=" " ind1=" ">
      <subfield code="a">ICT</subfield>
   </datafield>
   <datafield tag="653" ind2=" " ind1=" ">
      <subfield code="a">Culture</subfield>
   </datafield>
   <datafield ind2="0" ind1="0" tag="245">
      <subfield code="a">Innovación, turismo y TIC: el caso de los museos de Barcelona</subfield>
   </datafield>
   <datafield ind2="0" ind1="0" tag="245">
      <subfield code="a">Innovation, tourism and ICT: the case of museums in Barcelona</subfield>
   </datafield>
</record></metadata></record></GetRecord></OAI-PMH>